LEADER 01381nam 2200349Ia 450 001 996396212903316 005 20200818210941.0 035 $a(CKB)4330000000357027 035 $a(EEBO)2240850180 035 $a(UnM)99899359e 035 $a(UnM)99899359 035 $a(EXLCZ)994330000000357027 100 $a19980717d1655 uy | 101 0 $aeng 135 $aurbn||||a|bb| 200 14$aThe passionate lovers$b[electronic resource] $ea tragi-comedy. The first and second parts. Twice presented before the King and Queens Majesties at Somerset-House, and very often at the private house in Black-Friars, with great applause, by his late Majesties Servants. Written by Lodowick Carlell, Gent 210 $aLondon $cprinted [by Thomas Newcombe] for Humphrey Moseley, and are to be sold at his shop at the sign of the Prince's Arms in St. Pauls Church-yard$d1655 215 $a[6], 156, [2] p 300 $aPrinter's name from Greg. 300 $aTitle page is A2. 300 $aSignatures: A-X? (-A1, X4). 300 $aReproduction of original in the Henry E. Huntington Library. 330 $aeebo-0113 700 $aCarlell$b Lodowick$f1602?-1675.$0836544 801 0$bCu-RivES 801 1$bCu-RivES 801 2$bCu-RivES 801 2$bWaOLN 906 $aBOOK 912 $a996396212903316 996 $aThe passionate lovers$92350909 997 $aUNISA LEADER 04041nam 2200793z- 450 001 9910557610603321 005 20220321 035 $a(CKB)5400000000045296 035 $a(oapen)https://directory.doabooks.org/handle/20.500.12854/79624 035 $a(oapen)doab79624 035 $a(EXLCZ)995400000000045296 100 $a20202203d2022 |y 0 101 0 $aeng 135 $aurmn|---annan 181 $ctxt$2rdacontent 182 $cc$2rdamedia 183 $acr$2rdacarrier 200 00$aAsset Pricing, Investment, and Trading Strategies 210 $aBasel$cMDPI - Multidisciplinary Digital Publishing Institute$d2022 215 $a1 online resource (154 p.) 311 08$a3-0365-3084-3 311 08$a3-0365-3085-1 330 $aAsset pricing, investment, and trading strategies are very important in finance. They are useful in various situations, for example, supporting the decision-making process of choosing investments; determining the asset-specific required rate of return on the investment; pricing derivatives for trading or hedging; getting portfolios from fixed incomes or bonds, stocks, and other assets; evaluating diverse portfolios; determining macroeconomic variables affecting market prices; calculating option prices; and incorporating features such as mean reversion and volatility, etc. They can also be applied in financial forecast for assets, portfolios, business projects.Understanding, modeling, and using various asset pricing models, investment models, and models for different trading strategies is paramount in many different areas of finance and investment, including banking, stocks, bonds, currencies, and related financial derivatives. Different asset pricing models, investment models, and models for different trading strategies also allow us to compare the performances of different variables through the analysis of empirical real-world data.This Special Issue on "Asset Pricing, Investment, and Trading Strategies" will be devoted to advancements in the theoretical development of various asset pricing models, investment models, and models for different trading strategies as well as to their applications.The Special Issue will encompass innovative theoretical developments, challenging and exciting practical applications, and interesting case studies in the development and analysis of various asset pricing models, investment models, and models for different trading strategies in finance and cognate disciplines. 606 $aDevelopment economics and emerging economies$2bicssc 610 $aagricultural commodity future prices 610 $aARDL 610 $abackwardation 610 $acapitalization 610 $acompetitiveness 610 $acorrelogram 610 $adependence 610 $aeconomic regimes 610 $aextreme value 610 $aGMM 610 $agrowth 610 $ahigh-frequency data 610 $aintegrated volatility 610 $ainvestment 610 $ajumps identification 610 $amarket efficiency 610 $amarket liquidity 610 $amomentum strategy 610 $aNewton-optimal method 610 $aNON-stationary Extreme Value Analysis (NEVA) 610 $anonlinearity 610 $apredictability 610 $aquantile 610 $arealized volatility 610 $arisk-taking behavior 610 $asovereign bonds 610 $aspillover 610 $astate ownership 610 $astock exchange 610 $asustainability 610 $aswap variance 610 $asystematic trading 610 $atrade-offs 610 $atrading strategy 610 $atransport operations 610 $aturnover 610 $avalue traded 610 $aVietnam 615 7$aDevelopment economics and emerging economies 700 $aWong$b Wing-Keung$4edt$01296145 702 $aWong$b Wing-Keung$4oth 906 $aBOOK 912 $a9910557610603321 996 $aAsset Pricing, Investment, and Trading Strategies$93027096 997 $aUNINA LEADER 02850nam 2200721 a 450 001 9911019250603321 005 20251214174808.0 010 $a9786611002541 010 $a9781119198611 010 $a1119198615 010 $a9781281002549 010 $a1281002542 010 $a9780470179086 010 $a0470179082 035 $a(CKB)1000000000478995 035 $a(EBL)313387 035 $a(OCoLC)174149952 035 $a(SSID)ssj0000125544 035 $a(PQKBManifestationID)11136903 035 $a(PQKBTitleCode)TC0000125544 035 $a(PQKBWorkID)10026932 035 $a(PQKB)10161760 035 $a(MiAaPQ)EBC313387 035 $a(CaSebORM)9780470126318 035 $a(OCoLC)788497567 035 $a(OCoLC)ocn788497567 035 $a(EXLCZ)991000000000478995 100 $a20070326d2007 uy 0 101 0 $aeng 135 $aur|n|---||||| 181 $ctxt 182 $cc 183 $acr 200 00$aCommodity strategies $ehigh-profit techniques for investors and traders /$fThomas J. Dorsey ... [et al.] 205 $a1st edition 210 $aHoboken, N.J. $cWiley$dc2007 215 $a1 online resource (209 p.) 225 1 $aThe Wiley trading series 300 $aIncludes index. 311 08$a9780470126318 311 08$a0470126310 327 $aDeveloping a trading system -- Patterns, trends & price objectives -- Using spot charts -- Relative strength with commodities -- Other strategies & tools -- Putting it all together -- Exchange traded funds (ETFs) & commodity markets -- Mutual funds and the evolution of the commodity markets -- Final thought. 330 $aPraise for Commodity Strategies""I have read many books on Point & Figure charting, but this is the first in its category-on the application of the time-tested methodology of Point & Figure charting, in particular, the concept of 'relative strength,' to pick outperforming commodities as well as to achieve diversification of non-correlated assets. If you are looking for a profitable and comprehensive methodology to making money from the commodity and currency markets and ETFs, look no further-you have found it. This book has it all.""-Fred Tam, MPhil, CFTe, MSTA, lecturer in technic 410 0$aWiley trading series. 606 $aCommodity exchanges 606 $aSpeculation 606 $aInvestment analysis 606 $aCommodity futures 615 0$aCommodity exchanges. 615 0$aSpeculation. 615 0$aInvestment analysis. 615 0$aCommodity futures. 676 $a332.64 676 $a332.644 700 $aDorsey$b Thomas$0901872 701 $aDorsey$b Thomas J$01715388 801 0$bMiAaPQ 801 1$bMiAaPQ 801 2$bMiAaPQ 906 $aBOOK 912 $a9911019250603321 996 $aCommodity strategies$94421120 997 $aUNINA